| 000 | 00704nam a22001937a 4500 | ||
|---|---|---|---|
| 003 | OSt | ||
| 005 | 20240615100210.0 | ||
| 008 | 240615b ||||| |||| 00| 0 eng d | ||
| 040 | _cAIMIT LIBRARY | ||
| 100 |
_aKiran. _e2116082 _9170918 |
||
| 245 |
_aShare price analysis using oscillators and indicators : _bStudy on plastic industries / _cBy Kiran ; Guided by Ravi Kudtarkar. |
||
| 260 |
_aMangalore ; _c2023. |
||
| 650 |
_aIndustry profile company profile and introduction to the study _9170919 |
||
| 650 |
_aResearch methodology _9170920 |
||
| 650 |
_aData analysis and interpretation _9170921 |
||
| 700 |
_aKudtarkar, Ravi. _e2116082 _9170922 |
||
| 856 | _3Gurucharan industries | ||
| 942 |
_2ddc _cPRO |
||
| 999 |
_c231189 _d231189 |
||